Normal view
MARC view
Entry Topical Term
001 - CONTROL NUMBER
- control field: 55722
003 - CONTROL NUMBER IDENTIFIER
- control field: OSt
005 - DATE AND TIME OF LATEST TRANSACTION
- control field: 20160508152353.0
008 - FIXED-LENGTH DATA ELEMENTS
- fixed length control field: 160508|| aca||aabn | a|a d
040 ## - CATALOGING SOURCE
- Original cataloging agency: OSt
- Transcribing agency: OSt
150 ## - HEADING--TOPICAL TERM
- Topical term or geographic name entry element: Legislative Process
670 ## - SOURCE DATA FOUND
- Source citation: Work cat.: (OSt)12370: भारदाज, आर. सी 55721, भारत के संविधान में संशोधन , 1995









